| 000 | 00380 a2200133 4500 | ||
|---|---|---|---|
| 001 | 92259 | ||
| 082 | _aPR 2503 | ||
| 090 |
_c44202 _d44201 |
||
| 100 | _aMohsin Ali; Prof Nayyer Affaq (Advisor) | ||
| 245 |
_aDesign and Development of Remote controlled Home Automation System _n77 "B" EC |
||
| 260 |
_aIslamabad _bNUST _c2014 |
||
| 300 | _aviii,67p. | ||
| 500 | _aBE Project Reports | ||
| 942 |
_aCAE NUST _kPR 2503 |
||
| 999 |
_c327332 _d327332 |
||